|
|
|
|
| LEADER |
00000naa2a2200000 4500 |
| 001 |
380833 |
| 005 |
20231101062736.0 |
| 035 |
|
|
|a (RuTPU)RU\TPU\prd\2595
|
| 090 |
|
|
|a 380833
|
| 100 |
|
|
|a 20020328a2002 k y0rusy50 ca
|
| 101 |
0 |
|
|a rus
|
| 102 |
|
|
|a RU
|
| 200 |
1 |
|
|a Новое о МОХ-топливе
|f Ю. Твэлов
|
| 225 |
1 |
|
|a Рефераты
|
| 320 |
|
|
|a Библиогр.: 7 назв.
|
| 461 |
|
1 |
|0 (RuTPU)RU\TPU\prd\1300
|x 0320-9326
|t Атомная техника за рубежом
|o научно-технический журнал
|f Росатом; Государственная корпорация по атомной энергии; Ядерное общество России (ЯОР)
|d 1957-
|
| 463 |
|
1 |
|0 (RuTPU)RU\TPU\prd\2330
|t № 1
|v С. 10-15
|d 2002
|
| 610 |
1 |
|
|a легководный реактор
|
| 610 |
1 |
|
|a МОХ-топливо
|
| 610 |
1 |
|
|a высокое выгорание
|
| 610 |
1 |
|
|a ядерная безопасность
|
| 610 |
1 |
|
|a выход газообразных продуктов
|
| 610 |
1 |
|
|a радиохимические исследования
|
| 675 |
|
|
|a 621.039.9
|v 3
|
| 700 |
|
1 |
|a Твэлов
|b Ю.
|
| 801 |
|
1 |
|a RU
|b 63413507
|c 20020328
|g PSBO
|
| 801 |
|
2 |
|a RU
|b 63413507
|c 20120419
|g PSBO
|
| 942 |
|
|
|c BK
|